000 01137nam a2200325 i 4500
003 EG-GICUC
005 20260121101556.0
008 251231s1965 iq d|||fr|||| 000 0 ara d
040 _a EG-GICUC
_bara
_c EG-GICUC
_d EG-GICUC
_erda
041 0 _aara
082 0 4 _221
_a343.6
_bع ب . ن
092 0 4 _221
099 _aLaw1 10 343.6 ع ب . ن 1965
100 0 _aعبدالجبار كريم
_eمؤلف.
245 1 0 _aنظريات علم الإجرام /
_cعبدالجبار كريم.
250 _aالطبعة الثالثة.
264 3 _aبغداد :
_bمطبعة المعارف,
_c1965.
300 _a296 صفحة :
_bجداول ؛
_c24 سم.
336 _2rda content
_atext
337 _2rda media
_aComputer
338 _2rda carrier
_aOnline Resource
504 _aيشتمل على إرجاعات ببليوجرافية.
504 _aببليوجرافيا : صفحات 294-296.
546 _aالنص باللغة العربية
650 1 _aعلم الإجرام
_2qrmak
651 1 _2qrmak
856 4 0 _uhttps://fll.law.cu.edu.eg/fulltext/bks/B10-07088.pdf
905 _a62
942 _2ddc
_n0
_cBK
_e21
999 _c53484
_d53484